00326nam a2200121Ia 4500008004100000041000800041082001200049100002500061245003700086260004400123300003000167365000700197240624s9999 xx 000 0 und d aeng a330 PAI aPAILWAR VEENA KESHAV aECONOMIC ENVIRONMENT OF BUSINESS c2008aNew DelhibPrentice-Hall of India axv, : 432 : p. : cm. ; 23 cRS